Notre littérature d´aujourd`hui

Uloženo v:
Podrobná bibliografie
Hlavní autor: Chaigne, Louis
Médium: Kniha
Jazyk:French
Vydáno: París, Francia J. de Gigord [s.f.]
Témata:
Tagy: Přidat tag
Žádné tagy, Buďte první, kdo vytvoří štítek k tomuto záznamu!

MARC

LEADER 00000nam a2200000Ia 4500
008 170316s9999 xx 000 0 fre d
040 |a cru BVZT 
090 |a 818 C-9n 
100 |a Chaigne, Louis 
245 |a Notre littérature d´aujourd`hui 
260 |a París, Francia 
260 |b J. de Gigord 
260 |c [s.f.] 
300 |a 131 páginas 
650 |a LITERATURA CANADIENSE 
999 |c 6402  |d 6402 
942 |c 15 D  |h 818 C-9n  |2 z